000 00526nam a22001217a 4500
008 161024b xxu||||| |||| 00| 0 eng d
100 _aGross, William H.
245 _aThe William H. Gross collection, United States classics, 1847-1869 [exhibit]
260 _bCo-published by William H. Gross and the Collectors Club
_c2008
650 _aUnited States -- Classic Issues -- 1847-1969 | 19th Century | Postal Markings | Postal History | Rare Issues and Covers | MLC
700 _aSpink Shreves Gallaries
700 _aCollectors Club
999 _c2074
_d2074